Crazy In Love - Beyoncé Feat. JAY-Z - All Lyrics - Statistics

General Stats
  • This quiz has been taken 254 times
  • The average score is 571 of 761
Answer Stats
Answer % Correct
Hov,
99%
Hova?
99%
I
99%
label
99%
the
99%
so
96%
(So
96%
(Yeah)
96%
crazy
95%
crazy,
95%
crazy?
95%
crazy)
95%
(Yeah,
95%
yeah)
95%
(Yeah)
95%
yo
95%
you
95%
You
95%
in
94%
look
94%
Look
94%
no,
94%
no
94%
(No,
94%
no)
94%
oh
94%
(Oh,
94%
(Oh)
94%
(Ow)
94%
Uh-oh,
94%
uh-oh,
94%
uh-oh
94%
(Uh-oh,
94%
(Woah)
94%
(Woo)
94%
a
93%
A
93%
love
93%
love)
93%
your
93%
Your
93%
(Your
93%
go
92%
me
92%
me,
92%
to
92%
To
92%
B
90%
Got
90%
got
90%
looking
89%
Looking
89%
(Looking
89%
now
85%
right
85%
my
84%
My
84%
I'm
83%
I’m
83%
do
81%
eyes
81%
and
80%
And,
80%
touch
80%
touch)
80%
don't
79%
not
78%
deep
77%
time
77%
When
77%
when
77%
on
76%
the
76%
The
76%
Ever
74%
"Who
74%
who
74%
is
73%
is?"
73%
more
73%
he
72%
every
70%
fur,
70%
can
69%
for
69%
explain
68%
one
68%
thing
67%
try
66%
beggin'
65%
(Hey)
65%
"Hey,
65%
what
65%
three
64%
understand
64%
babe)
62%
baby
62%
baby,
62%
(Baby,
62%
Call
62%
funny
62%
leave,
62%
Such
62%
times
62%
else
61%
How
61%
how
61%
row
61%
shoes,
61%
think
61%
two,
61%
'Cause
60%
‘Cause
60%
name
60%
love's
58%
at
57%
did
57%
feelin',
57%
friends
56%
just
56%
star
56%
talk
56%
know
55%
this
55%
It’s
54%
y'all
54%
care
53%
kiss
53%
save
53%
fool
52%
myself
52%
myself,
52%
new
52%
you're
52%
dress
51%
of
51%
best
50%
heart
50%
hoping
50%
blame
49%
stare
49%
that
49%
pride
48%
still
47%
there,
47%
impress
46%
need
46%
beat
45%
buy
45%
even
44%
quietly
44%
way
44%
you'll
44%
foolish,
43%
If
43%
if
43%
with
43%
But
42%
but
42%
like
42%
like,
42%
nobody
42%
been
41%
I’ve
41%
making
39%
ain't
38%
can't
35%
playing
35%
sees
35%
Yes,
32%
page
31%
Van
31%
from
29%
knew
29%
Tennis
29%
though
28%
though,
28%
Young
28%
chain
26%
lately,
26%
They
26%
they
26%
only
25%
sir,
25%
insane?”
23%
texture
23%
chinchilla
22%
get
22%
cut
21%
flow
21%
next
21%
R-O-C,
21%
ROC
21%
skips
21%
thought
21%
different
19%
JAY-Z
19%
man,
19%
out,
19%
over
18%
sprung
18%
deranged
17%
him
17%
loco
16%
shake
16%
cloth
15%
Homie,
15%
Tony
15%
wrap,
14%
game's
13%
Range,
13%
since
13%
Big
12%
Fall
12%
sing,
12%
than
12%
article,
11%
figure
11%
O.G.
11%
bling,
10%
Bring
10%
genuine
10%
anything,
9%
back,
9%
changed
9%
fat
9%
platinum
9%
whole
9%
sling,
8%
Stick
8%
phonies,
7%
pockets
7%
realer,
7%
Ringo,
7%
set
7%
bony,
6%
handle
6%
Soprano
6%
war
6%
smokers
5%
Beret
4%
Exel
4%
Green
4%
iller
4%
No matching quizzes found
Score Distribution
Percent of People with Each Score
Percentile by Number Answered
Your Score History
You have not taken this quiz